[Event "Martin Christoffel mem Red corr"]
[Site "Switzerland"]
[Date "2003.11.05"]
[Round "?"]
[White "Ruefenacht, Matthias"]
[Black "Haufe, Werner"]
[Result "1-0"]
[WhiteElo "2513"]
[BlackElo "2381"]
[PlyCount "97"]
[EventDate "2002.06.01"]
[EventType "tourn (corr)"]
[EventRounds "8"]
[EventCountry "SUI"]
[SourceTitle "Corr 2006"]
[Source "ChessBase"]
[SourceDate "2006.04.01"]
[SourceVersion "3"]
[SourceVersionDate "2006.04.01"]
[SourceQuality "1"]

1. e4 e5 2. Nf3 Nc6 3. d4 exd4 4. Nxd4 Bc5 5. Be3 Qf6 6. c3 Nge7 7. Bc4 Ne5 8. Be2 Qg6 9. 0-0 d6 10. f3 0-0 11. Nd2 d5 12. Kh1 dxe4 13. fxe4 Bg4 14. Bf4 Bxe2 15. Qxe2 Bd6 16. Rad1 a6 17. Bxe5 Bxe5 18. N2f3 Bf4 19. Nh4 Qg5 20. Nhf5 Rae8 21. Nxe7+ Rxe7 22. Qf3 Be5 23. Nf5 Ree8 24. Rd7 Kh8 25. Ne3 Re7 26. Rd3 c6 27. Nf5 Rc7 28. Kg1 h6 29. Rfd1 Re8 30. g3 Kh7 31. Kg2 Qf6 32. b3 g6 33. Nd6 Qxf3+ 34. Kxf3 Re6 35. Nc4 Rce7 36. Nxe5 Rxe5 37. Rd7 h5 38. b4 Kg7 39. Rxe7 Rxe7 40. Rd6 f6 41. a4 Kf7 42. a5 Re6 43. Rd7+ Re7 44. Rd8 Ke6 45. Ke3 Rd7 46. Rxd7 Kxd7 47. Kd4 Kd6 48. c4 g5 49. h3 1-0

[Event "Martin Christoffel mem Red corr"]
[Site "Switzerland"]
[Date "2003.04.18"]
[Round "?"]
[White "Gysi, Adolf"]
[Black "Haufe, Werner"]
[Result "1-0"]
[WhiteElo "2470"]
[BlackElo "2381"]
[PlyCount "79"]
[EventDate "2002.06.01"]
[EventType "tourn (corr)"]
[EventRounds "8"]
[EventCountry "SUI"]
[SourceTitle "Corr 2006"]
[Source "ChessBase"]
[SourceDate "2006.04.01"]
[SourceVersion "3"]
[SourceVersionDate "2006.04.01"]
[SourceQuality "1"]

1. e4 e5 2. Nf3 Nc6 3. Bc4 Nf6 4. d3 Be7 5. 0-0 0-0 6. Re1 d6 7. c3 Na5 8. Bb5 a6 9. Ba4 b5 10. Bc2 c5 11. Nbd2 Re8 12. Nf1 h6 13. Ng3 Bf8 14. h3 g6 15. a3 Bb7 16. b4 Nc6 17. Be3 cxb4 18. axb4 d5 19. exd5 Nxd5 20. Bd2 f5 21. Bb3 Kh7 22. h4 Bc8 23. Qb1 Nf6 24. h5 Nxh5 25. Nxh5 gxh5 26. Bf7 Re7 27. Qb3 Qd6 28. d4 exd4 29. Rxe7 Nxe7 30. Re1 Ra7 31. cxd4 Bg7 32. g3 h4 33. Bf4 Qb6 34. Nxh4 Bxd4 35. Rd1 Bxf2+ 36. Kf1 Bd4 37. Nf3 Bg7 38. Rd6 Qc7 39. Qd1 Qc3 40. Ng5+ 1-0

[Event "Martin Christoffel mem Red corr"]
[Site "Switzerland"]
[Date "2003.02.02"]
[Round "?"]
[White "Trumpf, Walter"]
[Black "Haufe, Werner"]
[Result "1-0"]
[WhiteElo "2444"]
[BlackElo "2381"]
[PlyCount "59"]
[EventDate "2002.06.01"]
[EventType "tourn (corr)"]
[EventRounds "8"]
[EventCountry "SUI"]
[SourceTitle "Corr 2006"]
[Source "ChessBase"]
[SourceDate "2006.04.01"]
[SourceVersion "3"]
[SourceVersionDate "2006.04.01"]
[SourceQuality "1"]

1. d4 Nf6 2. Nc3 d5 3. e4 e6 4. Bg5 Be7 5. e5 Nfd7 6. h4 a6 7. Qg4 Bxg5 8. hxg5 c5 9. g6 f5 10. Qf4 h6 11. dxc5 Nc6 12. Nf3 Qc7 13. 0-0-0 Nxc5 14. g4 Rf8 15. gxf5 Rxf5 16. Qe3 Qb6 17. Nd4 Nxd4 18. Rxd4 Bd7 19. f4 Rf8 20. Bh3 Rc8 21. Re1 a5 22. f5 exf5 23. e6 Nxe6 24. Qe5 Kd8 25. Rxd5 Rc5 26. Bxf5 Rxf5 27. Qxf5 Rxd5 28. Qxd5 Kc8 29. Rd1 Qc6 30. Qf5 1-0

[Event "LIPEAP jub30-A corr"]
[Site "LIPEAP corr"]
[Date "2002.10.05"]
[Round "?"]
[White "Haufe, Werner"]
[Black "Barnsley, Anthony R"]
[Result "1/2-1/2"]
[WhiteElo "2303"]
[BlackElo "2507"]
[PlyCount "47"]
[EventDate "2002.10.05"]
[EventType "tourn (corr)"]
[EventRounds "16"]
[EventCountry "ARG"]
[SourceTitle "Corr 2008"]
[Source "ChessBase"]
[SourceDate "2008.06.24"]
[SourceVersion "1"]
[SourceVersionDate "2008.06.24"]
[SourceQuality "1"]

1. d4 d6 2. e4 g6 3. Nc3 Bg7 4. f4 a6 5. Nf3 b5 6. Bd3 Nd7 7. e5 Bb7 8. 0-0 e6 9. a4 bxa4 10. Qe1 Ne7 11. Rxa4 0-0 12. Ne4 Nc8 13. Qe2 Ncb6 14. Ra3 a5 15. Bd2 a4 16. Rfa1 Rb8 17. Bb5 Qe7 18. Bc1 dxe5 19. Bxd7 Qxd7 20. fxe5 Qd5 21. Nc3 Qd7 22. Ne4 Qd5 23. Nc3 Qd7 24. Ne4 1/2-1/2

[Event "LIPEAP jub30-A corr"]
[Site "LIPEAP corr"]
[Date "2002.10.05"]
[Round "?"]
[White "Haufe, Werner"]
[Black "De Oliveira, Marcio Barbosa"]
[Result "0-1"]
[WhiteElo "2303"]
[BlackElo "2574"]
[PlyCount "54"]
[EventDate "2002.10.05"]
[EventType "tourn (corr)"]
[EventRounds "16"]
[EventCountry "ARG"]
[SourceTitle "Corr 2008"]
[Source "ChessBase"]
[SourceDate "2008.06.24"]
[SourceVersion "1"]
[SourceVersionDate "2008.06.24"]
[SourceQuality "1"]

1. d4 Nf6 2. c4 e6 3. Nf3 d5 4. Bg5 dxc4 5. Qa4+ Nbd7 6. Qxc4 c5 7. Nc3 a6 8. dxc5 Bxc5 9. b4 b5 10. Qb3 Be7 11. e3 0-0 12. Be2 a5 13. 0-0 axb4 14. Nxb5 Qb6 15. Rfc1 Bb7 16. Nfd4 Rfc8 17. Rxc8+ Rxc8 18. a4 bxa3 19. Nxa3 Qxb3 20. Nxb3 Bd5 21. Bxf6 gxf6 22. Na5 Nb6 23. Rb1 Bxa3 24. Rxb6 Rc1+ 25. Bf1 Kg7 26. Rb5 Be4 27. Rb3 Bd6 0-1

[Event "LIPEAP jub30-A corr"]
[Site "LIPEAP corr"]
[Date "2002.10.05"]
[Round "?"]
[White "Ortiz Elias, Jose Agustin"]
[Black "Haufe, Werner"]
[Result "1/2-1/2"]
[WhiteElo "2461"]
[BlackElo "2303"]
[PlyCount "56"]
[EventDate "2002.10.05"]
[EventType "tourn (corr)"]
[EventRounds "16"]
[EventCountry "ARG"]
[SourceTitle "Corr 2008"]
[Source "ChessBase"]
[SourceDate "2008.06.24"]
[SourceVersion "1"]
[SourceVersionDate "2008.06.24"]
[SourceQuality "1"]

1. e4 e5 2. Nf3 Nc6 3. Bc4 Nf6 4. d3 Be7 5. 0-0 0-0 6. Bb3 d6 7. c3 h6 8. Nbd2 Re8 9. Re1 Bf8 10. h3 Be6 11. Ba4 Rb8 12. d4 Bd7 13. Bc2 b5 14. Nf1 b4 15. Ng3 bxc3 16. bxc3 Na5 17. Bd3 d5 18. exd5 g6 19. c4 Rb6 20. Bd2 Nb7 21. Qc1 Kh7 22. Nh2 Bg7 23. a4 a5 24. f3 Ng8 25. Qc2 h5 26. Ne2 Bh6 27. Reb1 Bxd2 28. Qxd2 Rb4 1/2-1/2

[Event "BRA jub30-A corr"]
[Site "Brazil"]
[Date "1999.12.31"]
[Round "?"]
[White "Haufe, Werner"]
[Black "Bericat, Angel Hugo"]
[Result "1/2-1/2"]
[WhiteElo "2495"]
[BlackElo "2540"]
[PlyCount "58"]
[EventDate "1999.12.31"]
[EventType "tourn (corr)"]
[EventRounds "14"]
[EventCountry "BRA"]
[EventCategory "10"]
[SourceTitle "Corr 2002"]
[Source "ChessBase"]
[SourceDate "2002.05.23"]
[SourceVersion "1"]
[SourceVersionDate "2002.05.23"]
[SourceQuality "1"]

1. e4 e5 2. Nf3 Nc6 3. Bb5 a6 4. Bc4 Nf6 5. 0-0 Nxe4 6. d4 b5 7. Bb3 d5 8. dxe5 Be6 9. c3 Bc5 10. Qd3 0-0 11. Nbd2 f5 12. exf6 Nxf6 13. a4 Rb8 14. axb5 axb5 15. Ng5 Ne5 16. Qg3 Qd6 17. Bc2 Bb6 18. Nb3 Ne4 19. Bxe4 dxe4 20. Nd4 Bc4 21. Rd1 Bd5 22. Be3 Nd3 23. Qxd6 cxd6 24. Nde6 Bxe6 25. Nxe6 Bxe3 26. fxe3 Rf6 27. Nc7 Nxb2 28. Rd4 Rf7 29. Nd5 Rbf8 1/2-1/2

[Event "BRA jub30-A corr"]
[Site "Brazil"]
[Date "1999.12.31"]
[Round "?"]
[White "Haufe, Werner"]
[Black "Gaal, Alfredo"]
[Result "1-0"]
[WhiteElo "2495"]
[BlackElo "2524"]
[PlyCount "45"]
[EventDate "1999.12.31"]
[EventType "tourn (corr)"]
[EventRounds "14"]
[EventCountry "BRA"]
[EventCategory "10"]
[SourceTitle "Corr 2002"]
[Source "ChessBase"]
[SourceDate "2002.05.23"]
[SourceVersion "1"]
[SourceVersionDate "2002.05.23"]
[SourceQuality "1"]

1. e4 c5 2. Nf3 e6 3. d4 cxd4 4. Nxd4 a6 5. Bd3 Bc5 6. Nb3 Ba7 7. Qe2 Nc6 8. Be3 d6 9. Nc3 Nf6 10. 0-0-0 b5 11. Bxa7 Rxa7 12. g4 b4 13. Na4 Nd7 14. Qe3 0-0 15. Be2 Qe7 16. Qd2 Qh4 17. f4 e5 18. Qxd6 Ndb8 19. f5 Rd7 20. Qc5 Rxd1+ 21. Bxd1 Qh6+ 22. Kb1 Qf4 23. Qc4 1-0